LEADER 00599naa a2200157 i 4500 001 000000318369 003 CaOOAMICUS 005 20180831173246.0 008 180831n it u000 u ita u 013 $a27694 040 $aSeMil$bita 100 1 $aAlszeghy, Zoltán .$0(OLS)http://semarc/name/13391 245 13$aIl senso della fede e lo sviluppo dogmatico. 650 4$aDogma e Vita spirituale.$0(OLS)http://semarc/subject/33432 650 4$aDogma - Sviluppo dogmatico.$0(OLS)http://semarc/subject/4343 996 $6245$aIl senso della fede e lo sviluppo dogmatico$9(OLS)http://semarc/title/392254 LEADER 01428nam a2200313 i 4500 001 000000099184 003 CaOOAMICUS 005 20180123000000.0 008 180123s2017 it u000 u ita u 013 $a71336 020 $a978-88-10-51149-7 040 $aSeMil$bita 100 1 $aSartor, Paolo.$0(OLS)http://semarc/name/29109 245 13$aIl segreto di una vita felice :$bitinerario per coppie con il libro di Tobia /$cPaolo Sartor, Serena Noceti. 260 $aBologna :$bEDB,$c2017. 300 $a126 p. ;$c21 cm. 490 0 $aSpiritualità coniugale 650 4$aBibbia - AT - Tobia.$0(OLS)http://semarc/subject/8995 650 4$aCoppia - Educazione.$0(OLS)http://semarc/subject/21573 650 4$aRelazioni di coppia - Morale cristiana.$0(OLS)http://semarc/subject/57064 650 4$aCoppia - Pastorale.$0(OLS)http://semarc/subject/40821 700 1 $aNoceti, Serena,$d<1966- >.$0(OLS)http://semarc/name/14545 830 0$aSpiritualità coniugale.$0(OLS)http://semarc/title/10127 850 $aSeMil 852 $aSeMil$W1$xVenegono$y1$m3F III 668$j56779$B56779$CSeMilBibl$Z2$F66695 $81 961 $aOmaggio: Caspani don Pierpaolo 996 $6020$a978-88-10-51149-7$9(OLS)http://semarc/number/272328 996 $6245$aIl segreto di una vita felice :$bitinerario per coppie con il libro di Tobia$9(OLS)http://semarc/title/406442 996 $6260$aBologna :$bEDB$9(OLS)http://semarc/publisher/29669 LEADER 00855nam a2200217 i 4500 001 000000248792 003 CaOOAMICUS 005 20160413000000.0 008 160413s1815 it u000 u ita u 013 $a227697 026 $asinj reno e.le vi39 (3) 1815 (R) 040 $aSeMil$bita 245 10$aVol. 2. 300 $a360 p. 500 $aFondo Bidoglio. 773 0 $aDe Capitani, Carlantonio$tSull'agricoltura particolarmente nei paesi di collina. Discorsi teorico-pratici ad uso dei possidenti de' fittajuoli e dei contadini di Carlantonio De Capitani, parroco di Viganò.$dMilano : Per Giovanni Silvestri, 1815.$g2$w()11802 850 $aSeMil 852 $aSeMil$W1$xVenegono$y1$m1B II 8 FA$j199138$B199138$CSeMilBibl$Z2$F210595 $8I 941 1 $a2 961 $aLascito: Bidoglio don Maurizio 996 $6245$aVol. 2$9(OLS)http://semarc/title/13458